00263nam a22000857a 4500008004100000082001300041100002900054245008600083300000800169230605b xxu||||| |||| 00| 0 eng d a330bCBK cDirector of research CBK aCentral bank of kenyabQuarterly Economic ReviewcVol XXII NO. IV APRIL-june 1992 a59P